|
|
|
|
| LEADER |
00000nam2a2200000 4500 |
| 001 |
227911 |
| 005 |
20231101230832.0 |
| 035 |
|
|
|a (RuTPU)RU\TPU\book\248358
|
| 090 |
|
|
|a 227911
|
| 100 |
|
|
|a 20121212d1979 k y0rusy50 ca
|
| 101 |
0 |
|
|a rus
|
| 102 |
|
|
|a RU
|
| 105 |
|
|
|a a z 001zy
|
| 200 |
0 |
|
|a Т. 11
|f под ред. Н. К. Леонидова, П. П. Арсентьева
|
| 210 |
|
|
|d 1979
|
| 215 |
|
|
|a 230 с.
|c ил.
|
| 320 |
|
|
|a Библиография в конце обзоров
|
| 461 |
|
1 |
|0 (RuTPU)RU\TPU\book\163829
|x 0202-7763
|t Производство чугуна и стали
|f Академия наук СССР (АН СССР), Всесоюзный институт научной и технической информации (ВИНИТИ)
|v Т. 11
|d 1966-1991
|s Производство чугуна и стали
|
| 606 |
1 |
|
|a Чугун
|x Производство
|2 stltpush
|3 (RuTPU)RU\TPU\subj\18804
|9 44174
|
| 606 |
1 |
|
|a Сталь
|x Производство
|2 stltpush
|3 (RuTPU)RU\TPU\subj\74123
|9 86647
|
| 610 |
1 |
|
|a бессточное водоснабжение
|
| 610 |
1 |
|
|a водные бассейны
|
| 610 |
1 |
|
|a защита
|
| 610 |
1 |
|
|a железорудные окатыши
|
| 610 |
1 |
|
|a производство
|
| 610 |
1 |
|
|a применение
|
| 610 |
1 |
|
|a сталеплавильное производство
|
| 610 |
1 |
|
|a раскисление
|
| 610 |
1 |
|
|a непрерывная разливка
|
| 610 |
1 |
|
|a вторичная металлургия
|
| 675 |
|
|
|a 669.16
|v 3
|
| 675 |
|
|
|a 669.18
|v 3
|
| 702 |
|
1 |
|a Леонидов
|b Н. К.
|4 340
|
| 702 |
|
1 |
|a Арсентьев
|b П. П.
|4 340
|
| 801 |
|
2 |
|a RU
|b 63413507
|c 20220209
|g RCR
|
| 942 |
|
|
|c BK
|